000 00458nam a2200169Ia 4500
003 GCL
008 140319s9999 xx 000 0 ara d
040 _aGCL /
_cGCL
082 0 4 _a415.1
_bع د
100 1 _aعبده الراجحى
245 1 0 _aدروس فى كتب النحو /
_cعبده الراجحى
300 _a316 ص
490 _a
650 0 4 _aاللغة العربية - النحو
650 0 4 _aالقران - اعراب
942 _2ddc
_cBK
999 _c38764
_d38764